000 00769nam a2200229Ia 4500
003 GCL
008 140319s9999 xx 000 0 ara d
040 _aGCL /
_cGCL
082 0 4 _a541.36
_bس م
100 1 _aسمث، جى.ام
245 1 0 _aمقدمة فى ديناميك الحرارة الكيميائى /
_cسمث، جى.ام
700 1 _aفان نيس، اج . سى
700 1 _aحسيب يحى احمد (مترجم,واخرون)
260 _a[S.N] :
_bوزارة التعليم العالى والبحث العلمى ،
_c1988
300 _a607 ص
490 _a
650 0 4 _aالديناميكا
650 0 4 _aالديناميكا الحرارية
650 0 4 _aالكيمياء الحرارية
650 0 4 _aالحرارة
942 _2ddc
_cBK
999 _c33241
_d33241